000 00847nam a2200241 a 4500
001 000025563
005 20200930023859.0
008 110203s1961 sp a r 000 0 spa d
040 _aDO-SdBNP
_bspa
_cBNPHU
041 1 7 _aspa
_hger
_2Código de idiomas MARC
082 _ann*
_bnn*
100 1 _aQuinzio, Sergio.
_950767
240 1 0 _aIllampu. Abenteuer in den Anden.
_lEspañol
245 1 0 _aAventura en los Andes /
_cHanns Radau ; traducción de Juan Godo Costa ; ilustraciones de Heiner Rothfuchs.
260 _aBarcelona :
_bNoguer,
_c1961.
300 _a170 p. :
_bil. ;
_c22 cm.
490 1 _aCuatro Vientos.
_v4
534 _aTítulo original de la obra :
_tIllampu. Abenteuer in den Anden
700 1 _aGodo Costa, Juan,
_etr.
_951396
700 1 _aRothfuchs, Heiner,
_eill.
_952236
830 0 _aCuatro Vientos
_v4
_952237
049 _aBNGR
999 _c25055
_d25055